| 000 | 01019nam a2200265Ia 4500 | ||
|---|---|---|---|
| 003 | OSt | ||
| 005 | 20220923211227.0 | ||
| 006 | a|||||r|||| 00| 0 | ||
| 007 | ta | ||
| 008 | 220922b |||||||| |||| 00| 0 hin d | ||
| 020 |
_a9788170562696 (hbk) _c700 |
||
| 024 | _a272,863 | ||
| 037 |
_b23059, 16/08/2013, Kitab Ghar _cTextual |
||
| 040 |
_aARTS _cARTS _bhin |
||
| 041 |
_2hin _ahin |
||
| 082 | _aY:4.2, 152Q1 | ||
| 100 |
_aशर्मा, वीरेन्द्र प्रकाश _9159231 |
||
| 245 | 0 | _aभारतीय समाज मुद्ये और समस्याएॅं | |
| 246 | _aBhāratīya samāj mudye aur samasyāeॅan | ||
| 260 |
_aजयपुर _b पंचशील प्रकाशन _c2011 |
||
| 300 |
_a344पृ. _ccm. |
||
| 650 | _aभारतीय-लोक साहित्य | ||
| 942 |
_hY:4.2, 152Q1 _cTEXL _2CC |
||
| 999 |
_c297253 _d297253 |
||